000
00303nam a2200121Ia 4500
008
191201s2001 xx 000 0 und d
100
_a
GUPTA, Satish
245
0
_a
Modern''s ABC of Physics for Class XI
260
_a
N. Delhi
_b
Modern Pub
_c
2001
300
_a
1044+15
650
_a
Applied
942
_2
ddc
_c
BK
999
_c
375
_d
375